[Event "XVIII Miedzynarodowe MP Duchowienstwa "]
[Site "Dom Zycia, ul. Gajowa 60, 62-8"]
[Date "2019.??.??"]
[Round "1.1"]
[White "Ks. Grela, Franciszek"]
[Black "Ks. Jakubiak, Karol"]
[Result "0-1"]
[WhiteElo "1392"]
[BlackElo "1703"]
[PlyCount "112"]
[EventDate "2019.??.??"]

1. e4 e5 2. Nf3 Nf6 3. Bc4 Bc5 4. O-O Nc6 5. d3 O-O 6. Bg5 h6 7. Bh4 d6 8. h3
Be6 9. Bb5 a6 10. Bxc6 bxc6 11. a3 a5 12. c4 Qd7 13. Bxf6 gxf6 14. Nbd2 Kh7 15.
Nb3 Bb6 16. Nh2 Rg8 17. Kh1 f5 18. f4 fxe4 19. fxe5 dxe5 20. c5 Qxd3 21. cxb6
Qxb3 22. Qxb3 Bxb3 23. bxc7 Rgc8 24. Ng4 Kg7 25. Nxe5 Rxc7 26. Rf4 Bd5 27. Rc1
e3 28. Re1 Re8 29. Nc4 Bxc4 30. Rxc4 Re5 31. Rc3 Rce7 32. Rxc6 f5 33. g3 Rd7
34. b4 e2 35. Rcc1 a4 36. Kg2 Rd3 37. Ra1 Ree3 38. Kf2 Rxg3 39. Kxe2 Rde3+ 40.
Kf2 Rxe1 41. Rxe1 Rxh3 42. Re3 Rh2+ 43. Kg3 Rb2 44. Kf4 Rb3 45. Re7+ Kf6 46.
Ra7 Rxa3 47. Ra6+ Kg7 48. Ra7+ Kf6 49. Ra6+ Ke7 50. Rxh6 Ra1 51. Ra6 a3 52.
Kxf5 a2 53. b5 Rf1+ 54. Ke5 a1=Q+ 55. Rxa1 Rxa1 56. Kd5 Rc1 0-1

[Event "XVIII Miedzynarodowe MP Duchowienstwa "]
[Site "Dom Zycia, ul. Gajowa 60, 62-8"]
[Date "2019.??.??"]
[Round "1.2"]
[White "Ks. Bak, Stanislaw"]
[Black "Ks. Kubicz, Piotr"]
[Result "1-0"]
[WhiteElo "1652"]
[BlackElo "1346"]
[PlyCount "51"]
[EventDate "2019.??.??"]

1. e4 e5 2. Nf3 d6 3. d4 exd4 4. Nxd4 Nf6 5. Bd3 Be7 6. O-O O-O 7. c3 c5 8. Ne2
Nc6 9. Bc2 Qb6 10. Nf4 Bg4 11. f3 Bh5 12. Nd2 Ne5 13. Nxh5 Nxh5 14. f4 Nxf4 15.
Rxf4 Bg5 16. Rf1 c4+ 17. Kh1 Be7 18. Nf3 Rad8 19. Nd4 Bf6 20. b4 a6 21. Be3 Qc7
22. Qe2 b5 23. Rxf6 gxf6 24. Bh6 Rfe8 25. Rf1 Qe7 26. Nc6 1-0

[Event "XVIII Miedzynarodowe MP Duchowienstwa "]
[Site "Dom Zycia, ul. Gajowa 60, 62-8"]
[Date "2019.??.??"]
[Round "1.3"]
[White "Ks. Brzoza, Miroslaw"]
[Black "Ks. Pawlowski, Slawomir"]
[Result "0-1"]
[WhiteElo "1244"]
[BlackElo "1589"]
[PlyCount "44"]
[EventDate "2019.??.??"]

1. d4 Nf6 2. c4 e5 3. dxe5 Ng4 4. Nf3 Bc5 5. e3 Nc6 6. Qd5 d6 7. exd6 Bxd6 8.
Nc3 O-O 9. Be2 Nb4 10. Qd1 Bf5 11. Nd4 Nh6 12. a3 Nc6 13. Nxc6 bxc6 14. Bf3 Qh4
15. g3 Qxc4 16. Qe2 Bd3 17. Qd2 Be5 18. Ne2 Rad8 19. O-O Be4 20. Qa5 Bxf3 21.
Qxe5 Qxe2 22. b4 Qxf1+ 0-1

[Event "XVIII Miedzynarodowe MP Duchowienstwa "]
[Site "Dom Zycia, ul. Gajowa 60, 62-8"]
[Date "2019.??.??"]
[Round "1.4"]
[White "Ks. Debowski, Stanislaw"]
[Black "Ks. Domaraczenko, Krzysztof"]
[Result "1-0"]
[WhiteElo "1576"]
[BlackElo "1225"]
[PlyCount "105"]
[EventDate "2019.??.??"]

1. d4 Nf6 2. e3 e6 3. Bd3 Be7 4. Nf3 O-O 5. O-O d6 6. b3 Re8 7. Bb2 Bf8 8. Nbd2
Nc6 9. e4 e5 10. d5 Ne7 11. Re1 Bg4 12. c4 Ng6 13. h3 Bh5 14. Qc2 Nf4 15. Bf1
h6 16. g3 Bxf3 17. Nxf3 Ng6 18. Rad1 Nh7 19. Bc1 Qf6 20. Nh2 c6 21. Ng4 Qd8 22.
Qd3 cxd5 23. cxd5 Nf6 24. Ne3 Nh5 25. Nf5 Ne7 26. Nxe7+ Bxe7 27. Be2 Nf6 28.
Bd2 Qd7 29. Kg2 Rac8 30. Rc1 Nh7 31. Bg4 Qxg4 32. hxg4 Rcd8 33. Rc7 Rb8 34. Qb5
a6 35. Qa4 Nf6 36. f3 Bd8 37. Rc2 Ra8 38. Qb4 Be7 39. Qxb7 Kf8 40. Rc7 a5 41.
Rec1 Rab8 42. Qa6 Ra8 43. Qc6 g5 44. Qa4 Kg7 45. Qc6 h5 46. Rxe7 Rh8 47. Qc7
Raf8 48. Bxg5 Ne8 49. Qd7 hxg4 50. Qxg4 Rhg8 51. Bh6+ Kf6 52. Re6+ fxe6 53.
Qxe6# 1-0

[Event "XVIII Miedzynarodowe MP Duchowienstwa "]
[Site "Dom Zycia, ul. Gajowa 60, 62-8"]
[Date "2019.??.??"]
[Round "1.5"]
[White "Ks. Kubasik, Adam"]
[Black "Dk. Domagalski, Fabian"]
[Result "0-1"]
[WhiteElo "1183"]
[BlackElo "1532"]
[PlyCount "74"]
[EventDate "2019.??.??"]

1. e4 c5 2. Bc4 Nc6 3. Nf3 e6 4. O-O a6 5. a3 b5 6. Ba2 Bb7 7. d3 Nf6 8. Bg5 h6
9. Be3 d5 10. exd5 Nxd5 11. Bxd5 Qxd5 12. Nc3 Qh5 13. Ne1 Qg6 14. Qf3 Be7 15.
Qg3 Qxg3 16. fxg3 Nd4 17. Bxd4 cxd4 18. Ne2 Bf6 19. Nf3 Rd8 20. b4 Rd7 21. Rac1
Ke7 22. Nd2 Bg5 23. Rcd1 Rc8 24. Nb3 Be3+ 25. Kh1 Rxc2 26. Rfe1 Bf2 27. Nc5
Bxe1 28. Rxe1 Rd5 29. Nxb7 Re5 30. Rg1 Rexe2 31. Nc5 Rxc5 32. bxc5 Rc2 33. h3
Rxc5 34. Ra1 Rc3 35. a4 b4 36. Rb1 b3 37. Rb2 Rxd3 0-1

[Event "XVIII Miedzynarodowe MP Duchowienstwa "]
[Site "Dom Zycia, ul. Gajowa 60, 62-8"]
[Date "2019.??.??"]
[Round "2.1"]
[White "Ks. Jakubiak, Karol"]
[Black "Ks. Dyrda, Konrad"]
[Result "1/2-1/2"]
[WhiteElo "1703"]
[BlackElo "1493"]
[PlyCount "105"]
[EventDate "2019.??.??"]

1. e4 e5 2. Nf3 Nc6 3. Bc4 Nf6 4. Nc3 Bc5 5. O-O d6 6. d3 Bg4 7. Bg5 Nd4 8. Nd5
c6 9. Ne3 Nxf3+ 10. gxf3 Bh3 11. Re1 Qb6 12. Qd2 h6 13. Bxf6 gxf6 14. Kh1 Rg8
15. Rg1 Ke7 16. c3 Rg6 17. Rxg6 fxg6 18. Nd1 d5 19. exd5 g5 20. b4 Bd6 21. Ne3
c5 22. bxc5 Qxc5 23. Rb1 Qc7 24. Qe1 Rg8 25. Nf1 g4 26. Qe4 gxf3 27. Qh7+ Kf8
28. Qxh6+ Qg7 29. Qxg7+ Rxg7 30. Ne3 Bc5 31. Rg1 Bxe3 32. Rxg7 Kxg7 33. fxe3 f2
34. d4 exd4 35. cxd4 Kf7 36. d6+ Ke8 37. e4 Kd7 38. e5 fxe5 39. dxe5 f1=Q+ 40.
Bxf1 Bxf1 41. h4 Bh3 42. Kh2 Be6 43. a3 b5 44. h5 Ke8 45. Kg3 a5 46. Kf2 Kf7
47. Ke3 Kg7 48. Kd3 Kh6 49. Kc3 Kxh5 50. Kd4 b4 51. axb4 axb4 52. d7 Bxd7 53.
Kc4 1/2-1/2

[Event "XVIII Miedzynarodowe MP Duchowienstwa "]
[Site "Dom Zycia, ul. Gajowa 60, 62-8"]
[Date "2019.??.??"]
[Round "2.2"]
[White "Dk. Domagalski, Fabian"]
[Black "Ks. Bak, Stanislaw"]
[Result "1-0"]
[WhiteElo "1532"]
[BlackElo "1652"]
[PlyCount "87"]
[EventDate "2019.??.??"]

1. Nf3 d5 2. d4 e6 3. c4 Nf6 4. Nc3 Be7 5. Bg5 O-O 6. e3 c6 7. Bd3 Nbd7 8. O-O
Re8 9. Rb1 dxc4 10. Bxc4 Nd5 11. Bxe7 Qxe7 12. e4 N5b6 13. Bb3 a6 14. Re1 e5
15. d5 c5 16. a4 Rb8 17. Rc1 Qd6 18. Nd2 Nf6 19. a5 Nbd7 20. Nc4 Qc7 21. Na4 b5
22. axb6 Qd8 23. Qd2 Nxb6 24. Naxb6 Rxb6 25. Nxb6 Qxb6 26. Ba4 Bd7 27. Bxd7
Nxd7 28. Rc4 Rb8 29. Rb1 Qb5 30. Qc3 f6 31. h3 Rc8 32. Rc1 Rb8 33. Rc2 a5 34.
g4 Kf7 35. h4 h6 36. Qf3 g6 37. Qh3 Rb6 38. h5 g5 39. Qf3 f5 40. exf5 Kf6 41.
Qc3 Rd6 42. Rxc5 Nxc5 43. Qxc5 Rb6 44. Qf8# 1-0

[Event "XVIII Miedzynarodowe MP Duchowienstwa "]
[Site "Dom Zycia, ul. Gajowa 60, 62-8"]
[Date "2019.??.??"]
[Round "2.3"]
[White "Ks. Pawlowski, Slawomir"]
[Black "Ks. Mazur, Jan"]
[Result "1-0"]
[WhiteElo "1589"]
[BlackElo "1394"]
[PlyCount "99"]
[EventDate "2019.??.??"]

1. d4 Nf6 2. Bg5 e6 3. e4 Be7 4. e5 Nd5 5. Bxe7 Nxe7 6. Nf3 O-O 7. Bd3 b6 8.
Nbd2 Bb7 9. O-O Nbc6 10. c3 d6 11. exd6 cxd6 12. Ne4 Ng6 13. Neg5 h6 14. Bxg6
hxg5 15. Bc2 g4 16. Qd3 f5 17. Nd2 Qf6 18. f3 gxf3 19. Nxf3 Ne7 20. Rae1 Kf7
21. Bb3 Be4 22. Rxe4 fxe4 23. Qxe4 Nf5 24. Bxe6+ Kg6 25. Bxf5+ Kh6 26. Qe3+ g5
27. Bd3 Rae8 28. Qd2 Qf4 29. Qxf4 gxf4 30. Re1 Rxe1+ 31. Nxe1 Re8 32. Nc2 a5
33. c4 Kg5 34. Kf2 Rh8 35. h3 Rf8 36. Kf3 Re8 37. Be4 Rf8 38. d5 Kh4 39. Nd4
Rf6 40. Nf5+ Kh5 41. Kxf4 Kg6 42. g4 Rf8 43. h4 Kh7 44. g5 Kg6 45. Kg4 Rd8 46.
Nxd6+ Kg7 47. Nf5+ Kf8 48. g6 Re8 49. Kf4 Rc8 50. g7+ 1-0

[Event "XVIII Miedzynarodowe MP Duchowienstwa "]
[Site "Dom Zycia, ul. Gajowa 60, 62-8"]
[Date "2019.??.??"]
[Round "2.4"]
[White "Ks. Skarzynski, Andrzej"]
[Black "Ks. Debowski, Stanislaw"]
[Result "0-1"]
[WhiteElo "1438"]
[BlackElo "1576"]
[PlyCount "128"]
[EventDate "2019.??.??"]

1. d4 d5 2. Bf4 Bf5 3. e3 e6 4. Bd3 Bxd3 5. Qxd3 Bd6 6. Ne2 Nd7 7. Nbc3 a6 8.
a4 Ngf6 9. f3 Nh5 10. Bg3 Nxg3 11. hxg3 h6 12. Nf4 Qg5 13. Kf2 Qf5 14. Qxf5
exf5 15. Ncxd5 c6 16. Nc3 O-O 17. Rh5 g5 18. Nd3 Kg7 19. Rah1 Rh8 20. e4 Nf6
21. R5h2 fxe4 22. Nxe4 Nxe4+ 23. fxe4 f6 24. Kf3 Rad8 25. c3 Rde8 26. Re1 Re7
27. e5 fxe5 28. Nxe5 Rhe8 29. Reh1 Bxe5 30. dxe5 Rxe5 31. Rd1 Rf8+ 32. Kg4 Re4+
33. Kh3 Rxa4 34. Rd7+ Rf7 35. Rd6 Re4 36. Rh1 Re2 37. b4 Re3 38. Kg4 Rxc3 39.
Rhxh6 Rc4+ 40. Kxg5 Rxb4 41. Rdg6+ Kf8 42. Re6 a5 43. Rh8+ Kg7 44. Reh6 Rb5+
45. Kh4 a4 46. R6h7+ Kf6 47. Rh6+ Ke7 48. Ra8 Rb4+ 49. g4 Rg7 50. Ra7 Rgxg4+
51. Kh3 Rg7 52. Rxc6 Kd7 53. Rc3 Kd6 54. Ra3 Rgg4 55. Rxb7 Rh4+ 56. Kg3 Rhc4
57. Rxb4 Rxb4 58. Kf2 Kc5 59. Rc3+ Kb5 60. Ke2 Rb2+ 61. Kf1 Kb4 62. Rc1 a3 63.
g4 a2 64. g5 Rb1 0-1

[Event "XVIII Miedzynarodowe MP Duchowienstwa "]
[Site "Dom Zycia, ul. Gajowa 60, 62-8"]
[Date "2019.??.??"]
[Round "2.5"]
[White "Ks. Leskauskas, Saurnas"]
[Black "Ks. Kubasik, Adam"]
[Result "1-0"]
[WhiteElo "1465"]
[BlackElo "1183"]
[PlyCount "31"]
[EventDate "2019.??.??"]

1. e4 e5 2. f4 exf4 3. Nf3 d6 4. d4 g6 5. Bc4 Be6 6. d5 Bd7 7. Nc3 a6 8. a4 Bg7
9. Bxf4 Ne7 10. Nd4 Bxd4 11. Qxd4 O-O 12. Bh6 f6 13. O-O Nc8 14. Bxf8 Qxf8 15.
Rxf6 Qg7 16. Raf1 1-0

[Event "XVIII Miedzynarodowe MP Duchowienstwa "]
[Site "Dom Zycia, ul. Gajowa 60, 62-8"]
[Date "2019.??.??"]
[Round "2.6"]
[White "Ks. Domaraczenko, Krzysztof"]
[Black "Ks. Grela, Franciszek"]
[Result "0-1"]
[WhiteElo "1225"]
[BlackElo "1392"]
[PlyCount "66"]
[EventDate "2019.??.??"]

1. e4 Nc6 2. Nf3 d6 3. Bb5 Bd7 4. O-O g6 5. d4 Bg7 6. Nc3 Nf6 7. Re1 O-O 8. h3
h5 9. Bg5 Nh7 10. Bh4 f6 11. Bc4+ Kh8 12. Bd3 g5 13. Bg3 h4 14. Bh2 f5 15. Nd2
Bxd4 16. Qh5 Be8 17. Qe2 f4 18. e5 Bxe5 19. Qe4 Rf7 20. Nf3 Rg7 21. Nxe5 Nxe5
22. Qxb7 Bc6 23. Qa6 Nxd3 24. Qxd3 Bd7 25. Re2 e5 26. Rf1 Bc6 27. g3 e4 28. Qc4
f3 29. Rd2 Qd7 30. g4 Nf6 31. Rd4 Nxg4 32. Be5 Nxe5 33. Kh2 Ng6 0-1

[Event "XVIII Miedzynarodowe MP Duchowienstwa "]
[Site "Dom Zycia, ul. Gajowa 60, 62-8"]
[Date "2019.??.??"]
[Round "3.1"]
[White "Ks. Debowski, Stanislaw"]
[Black "Ks. Pawlowski, Slawomir"]
[Result "1/2-1/2"]
[WhiteElo "1576"]
[BlackElo "1589"]
[PlyCount "139"]
[EventDate "2019.??.??"]

1. d4 Nf6 2. Nf3 e6 3. e3 b6 4. Bd3 Bb7 5. Nbd2 d5 6. O-O Bd6 7. Re1 Nbd7 8. b3
O-O 9. e4 dxe4 10. Nxe4 Bxe4 11. Bxe4 Nxe4 12. Rxe4 Nf6 13. Re1 c5 14. Bb2 Qe7
15. Qe2 cxd4 16. Bxd4 Rfd8 17. Red1 Rac8 18. Rd3 Bc5 19. Rad1 Bxd4 20. Rxd4
Rxd4 21. Rxd4 Rd8 22. Rxd8+ Qxd8 23. h3 h6 24. c4 Qd6 25. Qd2 Qxd2 26. Nxd2 Kf8
27. Kf1 Ke7 28. Ke2 Kd6 29. Kd3 g5 30. g3 Nd7 31. b4 Ne5+ 32. Ke4 f5+ 33. Ke3
f4+ 34. gxf4 gxf4+ 35. Ke4 Nc6 36. a3 e5 37. Nf3 a6 38. h4 b5 39. c5+ Ke6 40.
Ne1 Nd4 41. Nd3 Nc6 42. f3 h5 43. Nf2 Nd4 44. c6 Nxc6 45. Nd3 Kd6 46. Nc5 Ne7
47. Nxa6 Ng6 48. Nc5 Nxh4 49. Nd3 Ng6 50. Nf2 Ne7 51. Nh3 Nd5 52. Kd3 Ne3 53.
Ng5 Nc4 54. Ne4+ Ke7 55. a4 Nb2+ 56. Kc2 Nxa4 57. Kd2 Nb6 58. Nc3 Nc4+ 59. Ke2
h4 60. Nxb5 h3 61. Kf2 Ne3 62. Kg1 e4 63. Nd4 Nd5 64. fxe4 Nxb4 65. Kh2 Kf6 66.
Nf3 Nd3 67. Kxh3 Nf2+ 68. Kh4 Nxe4 69. Kg4 Nf2+ 70. Kxf4 1/2-1/2

[Event "XVIII Miedzynarodowe MP Duchowienstwa "]
[Site "Dom Zycia, ul. Gajowa 60, 62-8"]
[Date "2019.??.??"]
[Round "3.2"]
[White "Ks. Dyrda, Konrad"]
[Black "Dk. Domagalski, Fabian"]
[Result "0-1"]
[WhiteElo "1493"]
[BlackElo "1532"]
[PlyCount "98"]
[EventDate "2019.??.??"]

1. e4 c5 2. Nf3 e6 3. Nc3 Nc6 4. d4 cxd4 5. Nxd4 a6 6. Be2 Qc7 7. f4 b5 8. Nxc6
Qxc6 9. Bf3 Qb6 10. e5 Ra7 11. Qd3 d5 12. exd6 Qxd6 13. Qxd6 Bxd6 14. Ne4 Be7
15. Be3 Rd7 16. O-O Bb7 17. Rad1 Bd5 18. Nc5 Bxc5 19. Bxc5 Nf6 20. Bxd5 Nxd5
21. Rf2 Rc7 22. b4 g6 23. a4 Nc3 24. Ra1 Nxa4 25. Bd6 Rc6 26. Rd2 f6 27. Bc5
Nxc5 28. bxc5 Ke7 29. Rad1 f5 30. Rd7+ Kf6 31. Ra7 h6 32. Rdd7 g5 33. Rg7 gxf4
34. Rgc7 Rc8 35. Rxc8 Rxc8 36. Rxa6 Rxc5 37. Ra2 e5 38. Rb2 e4 39. Kf2 Ke5 40.
Ke2 Kd4 41. g3 f3+ 42. Kd2 e3+ 43. Kd1 Re5 44. Rb4+ Kc3 45. Rb3+ Kc4 46. Ke1 h5
47. h3 Re4 48. Kd1 e2+ 49. Ke1 f2+ 0-1

[Event "XVIII Miedzynarodowe MP Duchowienstwa "]
[Site "Dom Zycia, ul. Gajowa 60, 62-8"]
[Date "2019.??.??"]
[Round "3.3"]
[White "Ks. Bak, Stanislaw"]
[Black "Ks. Jakubiak, Karol"]
[Result "1/2-1/2"]
[WhiteElo "1652"]
[BlackElo "1703"]
[PlyCount "40"]
[EventDate "2019.??.??"]

1. e4 e5 2. Nf3 Nc6 3. Bb5 d6 4. h3 Nf6 5. d3 Bd7 6. c3 a6 7. Ba4 Be7 8. Bc2 d5
9. exd5 Nxd5 10. O-O O-O 11. Re1 Bf6 12. Nbd2 Nf4 13. Ne4 Ng6 14. Nxf6+ Qxf6
15. Bg5 Qd6 16. d4 exd4 17. Nxd4 Nxd4 18. Qxd4 Qxd4 19. cxd4 Rfe8 20. Rac1 c6
1/2-1/2

[Event "XVIII Miedzynarodowe MP Duchowienstwa "]
[Site "Dom Zycia, ul. Gajowa 60, 62-8"]
[Date "2019.??.??"]
[Round "3.4"]
[White "Ks. Grela, Franciszek"]
[Black "Ks. Leskauskas, Sarunas"]
[Result "0-1"]
[WhiteElo "1392"]
[BlackElo "1465"]
[PlyCount "78"]
[EventDate "2019.??.??"]

1. d4 d6 2. c4 Nd7 3. Nc3 c5 4. e3 Ngf6 5. Nf3 g6 6. Be2 Bg7 7. O-O h5 8. h4
Ng4 9. Ng5 Nh6 10. Bd3 cxd4 11. exd4 Bxd4 12. Nd5 Ne5 13. Bxg6 Bxf2+ 14. Rxf2
fxg6 15. Qd4 Nf5 16. Rxf5 Bxf5 17. Bf4 O-O 18. Bxe5 dxe5 19. Qxe5 e6 20. Nxe6
Bxe6 21. Qxe6+ Kh7 22. Ne7 Qd4+ 23. Kh1 Qxh4+ 24. Kg1 Qd4+ 25. Kh2 Rf6 26. Qd5
Qxb2 27. Rd1 Rf2 28. Qe4 Qb6 29. c5 Qc7+ 30. Kh1 Rf6 31. Nd5 Qxc5 32. Nxf6+ Kh6
33. Qxb7 Qf8 34. Qf3 Rc8 35. Qf4+ g5 36. Qf5 Qh8 37. Rd7 Rc1+ 38. Kh2 Qb8+ 39.
g3 Qb2+ 0-1

[Event "XVIII Miedzynarodowe MP Duchowienstwa "]
[Site "Dom Zycia, ul. Gajowa 60, 62-8"]
[Date "2019.??.??"]
[Round "3.6"]
[White "Ks. Mazur, Jan"]
[Black "Ks. Kubicz, Piotr"]
[Result "1-0"]
[WhiteElo "1394"]
[BlackElo "1346"]
[PlyCount "89"]
[EventDate "2019.??.??"]

1. e4 e5 2. Nf3 d6 3. Bc4 h6 4. Nc3 Nf6 5. d4 exd4 6. Nxd4 Be7 7. Be3 O-O 8.
Qd2 Ng4 9. Bf4 Bg5 10. Bxg5 Qxg5 11. f4 Qc5 12. Be2 Nc6 13. Rd1 Nxd4 14. Qxd4
Qxd4 15. Rxd4 Ne3 16. Kf2 Ng4+ 17. Bxg4 Bxg4 18. f5 f6 19. Nd5 c6 20. Ne3 Bh5
21. g4 Bf7 22. Rxd6 h5 23. h3 Rfd8 24. Rhd1 Rxd6 25. Rxd6 Kf8 26. c4 Ke8 27. b3
Rd8 28. Rxd8+ Kxd8 29. a4 Ke7 30. Nc2 c5 31. Ke3 hxg4 32. hxg4 Kd6 33. Kf4 g5+
34. fxg6 Bxg6 35. Ne3 b6 36. Nd5 Ke6 37. Nc7+ Kd7 38. Nb5 a6 39. Nc3 Bf7 40.
Nd5 Bxd5 41. exd5 Kd6 42. Kf5 Ke7 43. d6+ Kxd6 44. Kxf6 b5 45. g5 1-0

[Event "XVIII Miedzynarodowe MP Duchowienstwa "]
[Site "Dom Zycia, ul. Gajowa 60, 62-8"]
[Date "2019.??.??"]
[Round "3.7"]
[White "Ks. Brzoza, Miroslaw"]
[Black "Ks. Domaraczenko, Krzysztof"]
[Result "1-0"]
[WhiteElo "1244"]
[BlackElo "1225"]
[PlyCount "65"]
[EventDate "2019.??.??"]

1. d4 Nf6 2. c4 d5 3. Nf3 dxc4 4. e3 b5 5. a4 c6 6. b3 Qa5+ 7. Bd2 Qd8 8. bxc4
bxc4 9. Bxc4 e6 10. O-O Be7 11. Nc3 O-O 12. Ne5 Nd5 13. e4 Nf6 14. Be3 Bb4 15.
Rc1 Bxc3 16. Rxc3 Nxe4 17. Rd3 Qh4 18. f3 Nd6 19. Bf2 Qg5 20. h4 Qf6 21. Bb3
Ba6 22. Rc3 Bxf1 23. Kxf1 Rc8 24. Qc1 Nf5 25. Qf4 Qe7 26. d5 Qd6 27. g4 Ne7 28.
Qxf7+ Kh8 29. Bd4 Rg8 30. Qh5 Rf8 31. Nf7+ Rxf7 32. Qxf7 Nf5 33. gxf5 1-0

[Event "XVIII Miedzynarodowe MP Duchowienstwa "]
[Site "Dom Zycia, ul. Gajowa 60, 62-8"]
[Date "2019.??.??"]
[Round "4.1"]
[White "Dk. Domagalski, Fabian"]
[Black "Ks. Debowski, Stanislaw"]
[Result "1-0"]
[WhiteElo "1532"]
[BlackElo "1576"]
[PlyCount "75"]
[EventDate "2019.??.??"]

1. Nf3 d5 2. d4 Bf5 3. c4 e6 4. Nc3 Nf6 5. Bg5 Be7 6. e3 c6 7. cxd5 Nxd5 8.
Bxe7 Qxe7 9. Bc4 Nxc3 10. bxc3 Be4 11. O-O O-O 12. Nd2 Bg6 13. Qb3 b5 14. Be2
Nd7 15. a4 a6 16. Bf3 Qd6 17. Ra2 Rab8 18. Rfa1 Rfc8 19. h4 h6 20. Be2 Nf6 21.
axb5 axb5 22. Ra6 Ne4 23. Nf3 f6 24. Qb2 Qd5 25. Qc1 Nd6 26. Ne1 Nc4 27. Nd3
Bxd3 28. Bxd3 f5 29. Qd1 Nb2 30. Qh5 Qd8 31. Bc2 Qe8 32. Qf3 Nc4 33. g4 Ra8 34.
gxf5 Rxa6 35. Rxa6 exf5 36. Qxf5 g6 37. Qf6 Qf7 38. Rxc6 1-0

[Event "XVIII Miedzynarodowe MP Duchowienstwa "]
[Site "Dom Zycia, ul. Gajowa 60, 62-8"]
[Date "2019.??.??"]
[Round "4.2"]
[White "Ks. Pawlowski, Slawomir"]
[Black "Ks. Jakubiak, Karol"]
[Result "1-0"]
[WhiteElo "1589"]
[BlackElo "1703"]
[PlyCount "117"]
[EventDate "2019.??.??"]

1. d4 Nf6 2. Bg5 d5 3. Bxf6 exf6 4. e3 Bb4+ 5. c3 Bd6 6. Bd3 Nd7 7. Nf3 Nf8 8.
Nbd2 c6 9. Qc2 Bg4 10. h3 Bd7 11. O-O-O Qc7 12. g4 g6 13. Rdg1 O-O-O 14. h4 h5
15. g5 f5 16. Re1 Ne6 17. Ne5 Bxe5 18. dxe5 Qxe5 19. f4 Qc7 20. Nf3 Nc5 21. Ne5
Be6 22. Be2 Ne4 23. Qa4 Qb6 24. Bf1 Kb8 25. Rh2 Rhe8 26. Rc2 Nc5 27. Qd4 Nd7
28. Nxd7+ Bxd7 29. Qxb6 axb6 30. b4 Re7 31. a4 Kc7 32. Kd2 Ra8 33. Ra2 b5 34.
a5 Ra6 35. Rea1 Be6 36. Ra3 Re8 37. Be2 b6 38. axb6+ Rxb6 39. Ra7+ Kd6 40. R1a6
Reb8 41. Rxb6 Rxb6 42. Ra5 Bd7 43. Ra7 Be6 44. Ra5 Rb7 45. Ra6 Kc7 46. Kd3 Rb6
47. Rxb6 Kxb6 48. Kd4 Bd7 49. Ke5 Kc7 50. Kf6 Be6 51. Bxh5 gxh5 52. g6 fxg6 53.
Kxe6 Kb6 54. Kf6 c5 55. Kxg6 Kc6 56. Kxf5 d4 57. exd4 cxb4 58. cxb4 Kd5 59. Kg6
1-0

[Event "XVIII Miedzynarodowe MP Duchowienstwa "]
[Site "Dom Zycia, ul. Gajowa 60, 62-8"]
[Date "2019.??.??"]
[Round "4.3"]
[White "Ks. Leskauskas, Sarunas"]
[Black "Ks. Mazur, Jan"]
[Result "1-0"]
[WhiteElo "1465"]
[BlackElo "1394"]
[PlyCount "54"]
[EventDate "2019.??.??"]

1. e4 d6 2. f4 e5 3. Nf3 Bg4 4. Be2 Nc6 5. c3 Bxf3 6. Bxf3 exf4 7. O-O Ne5 8.
d4 Nxf3+ 9. Qxf3 g5 10. g3 Qd7 11. e5 d5 12. Qh5 O-O-O 13. gxf4 f5 14. fxg5 h6
15. Kh1 Bg7 16. Na3 hxg5 17. Qxg5 Bf8 18. Bf4 Bh6 19. Qh5 Bg7 20. Qf3 Bh6 21.
e6 Qxe6 22. Be5 Rh7 23. Rae1 Qd7 24. c4 c6 25. c5 Bd2 26. Re2 Ba5 27. Qd3 Ne7
1-0

[Event "XVIII Miedzynarodowe MP Duchowienstwa "]
[Site "Dom Zycia, ul. Gajowa 60, 62-8"]
[Date "2019.??.??"]
[Round "4.6"]
[White "Ks. Skarzynski, Andrzej"]
[Black "Ks. Brzoza, Miroslaw"]
[Result "0-1"]
[WhiteElo "1438"]
[BlackElo "1244"]
[PlyCount "80"]
[EventDate "2019.??.??"]

1. e4 c5 2. Nf3 d6 3. Bc4 Nf6 4. d3 Bg4 5. h3 Bh5 6. Nc3 e6 7. Be3 Nc6 8. g4
Bg6 9. a3 d5 10. e5 Nd7 11. Bxd5 exd5 12. Nxd5 Ndxe5 13. Nc3 Rc8 14. Ng5 h6 15.
Nge4 b6 16. f4 Bxe4 17. Nxe4 Nd7 18. c3 Be7 19. O-O Nf6 20. Ng3 O-O 21. Qe2 Nd5
22. Bd2 Re8 23. Qf3 Bf8 24. Rae1 Qd7 25. Ne4 f5 26. Ng3 Nce7 27. Re5 fxg4 28.
hxg4 Rcd8 29. Rd1 Ng6 30. Ree1 Nh4 31. Qh1 Qxg4 32. Kf2 Rxe1 33. Rxe1 Nxf4 34.
Re4 Nxd3+ 35. Kf1 Qxg3 36. Qxh4 Qxh4 37. Rxh4 Nxb2 38. Rh2 Nc4 39. Ke1 Nxa3 40.
Rg2 Nc4 0-1

[Event "XVIII Miedzynarodowe MP Duchowienstwa "]
[Site "Dom Zycia, ul. Gajowa 60, 62-8"]
[Date "2019.??.??"]
[Round "4.8"]
[White "Ks. Kubicz, Piotr"]
[Black "Ks. Domaraczenko, Krzysztof"]
[Result "1/2-1/2"]
[WhiteElo "1346"]
[BlackElo "1225"]
[PlyCount "115"]
[EventDate "2019.??.??"]

1. d4 Nf6 2. g3 e6 3. Bg2 Be7 4. Nf3 O-O 5. O-O h6 6. c4 d5 7. Qb3 dxc4 8. Qxc4
Nbd7 9. b3 Nb6 10. Qc2 Nbd5 11. Bb2 Nb4 12. Qd1 b6 13. Ne5 Rb8 14. a3 Na6 15.
Nc6 Qd6 16. Nxb8 Nxb8 17. Nc3 Nc6 18. e3 Ba6 19. Re1 Na5 20. Rc1 Nc6 21. b4 Nd8
22. Qc2 Bb7 23. f3 c5 24. Nb5 Qb8 25. Qd2 a6 26. Nc3 cxb4 27. Nb1 bxa3 28. Bxa3
Bxa3 29. Nxa3 Qd6 30. Qb2 b5 31. Rc2 Nd5 32. Rc5 Nb6 33. Qc1 Na4 34. Rc2 b4 35.
Nc4 Qb8 36. Qb1 Nc6 37. Ne5 Nc3 38. Qb3 Nxe5 39. dxe5 a5 40. f4 Bxg2 41. Kxg2
Qb7+ 42. Kg1 a4 43. Qb2 a3 44. Qb3 Ra8 45. Rxc3 a2 46. Rcc1 Ra3 47. Qb2 Qa7 48.
Kf2 b3 49. Ra1 Qc5 50. Rec1 Qb4 51. Rc3 Kh7 52. g4 Kg6 53. h3 h5 54. Kg3 hxg4
55. Kxg4 Kh6 56. Kg3 Kh7 57. Rcc1 Ra7 58. Rc3 1/2-1/2

[Event "XVIII Miedzynarodowe MP Duchowienstwa "]
[Site "Dom Zycia, ul. Gajowa 60, 62-8"]
[Date "2019.??.??"]
[Round "5.1"]
[White "Ks. Pawlowski, Slawomir"]
[Black "Dk. Domagalski, Fabian"]
[Result "0-1"]
[WhiteElo "1589"]
[BlackElo "1532"]
[PlyCount "74"]
[EventDate "2019.??.??"]

1. d4 d5 2. Bf4 Nf6 3. e3 c6 4. Nf3 e6 5. c4 Nbd7 6. Nc3 Be7 7. h3 O-O 8. Bd3
dxc4 9. Bxc4 b5 10. Bd3 Bb7 11. O-O a6 12. Rc1 c5 13. Bb1 Rc8 14. Bh2 b4 15.
Na4 c4 16. Nd2 Qa5 17. Nxc4 Qd5 18. e4 Qb5 19. b3 Nxe4 20. f3 Nef6 21. Qd3 Qg5
22. Rce1 Bc6 23. Nab2 Rfd8 24. Qe2 Bb5 25. Bd3 Qd5 26. Be5 Nxe5 27. dxe5 Nh5
28. Rd1 g6 29. Be4 Bc5+ 30. Kh2 Qxe5+ 31. Nxe5 Bxe2 32. Rxd8+ Rxd8 33. Re1 Rd2
34. Bd3 Bd6 35. f4 Bxe5 36. Rxe2 Rxe2 37. Bxe2 Bxb2 0-1

[Event "XVIII Miedzynarodowe MP Duchowienstwa "]
[Site "Dom Zycia, ul. Gajowa 60, 62-8"]
[Date "2019.??.??"]
[Round "5.2"]
[White "Ks. Brzoza, Miroslaw"]
[Black "Ks. Leskauskas, Sarunas"]
[Result "1-0"]
[WhiteElo "1244"]
[BlackElo "1465"]
[PlyCount "65"]
[EventDate "2019.??.??"]

1. d4 d6 2. c4 Nd7 3. Nf3 c5 4. Nc3 Ngf6 5. e4 cxd4 6. Nxd4 g6 7. Be2 Bg7 8.
Be3 Ne5 9. h3 Bd7 10. Rc1 Rc8 11. b3 Qa5 12. O-O h5 13. f4 Nc6 14. Bf3 h4 15.
Rf2 Nh5 16. Bxh5 Rxh5 17. Nd5 e6 18. Nc3 e5 19. Ndb5 exf4 20. Nxd6+ Kf8 21.
Rxf4 Be6 22. Nd5 Be5 23. Nxb7 Bxf4 24. Nxf4 Qxa2 25. Nxh5 gxh5 26. Bc5+ Kg7 27.
Qxh5 Rg8 28. Rf1 Qxb3 29. Nd6 Qg3 30. Rxf7+ Bxf7 31. Qxf7+ Kh8 32. Qh5+ Kg7 33.
Nf5+ 1-0

[Event "XVIII Miedzynarodowe MP Duchowienstwa "]
[Site "Dom Zycia, ul. Gajowa 60, 62-8"]
[Date "2019.??.??"]
[Round "5.4"]
[White "Ks. Dyrda, Konrad"]
[Black "Ks. Grela, Franciszek"]
[Result "1-0"]
[WhiteElo "1493"]
[BlackElo "1392"]
[PlyCount "69"]
[EventDate "2019.??.??"]

1. e4 g6 2. d4 Bg7 3. Nf3 d6 4. Be3 Bg4 5. h3 Bxf3 6. Qxf3 e5 7. d5 Nf6 8. Nd2
O-O 9. g4 c5 10. h4 h5 11. gxh5 Nxh5 12. O-O-O Qf6 13. Bg5 Qxf3 14. Nxf3 f6 15.
Bd2 f5 16. Ng5 Nd7 17. Ne6 Rf7 18. exf5 gxf5 19. Be2 Ndf6 20. Rdg1 f4 21. Rg5
Ne4 22. Rxh5 Nxf2 23. Rh2 Ne4 24. Bf3 Ng3 25. Rg5 b5 26. h5 Kh8 27. Nxg7 Rxg7
28. Rg6 Rxg6 29. hxg6+ Kg7 30. Rh7+ Kxg6 31. Rd7 e4 32. Bxf4 exf3 33. Rxd6+ Kf5
34. Bxg3 Rg8 35. Bf2 1-0